| 000 | 02060nam a22004454a 4500 | ||
|---|---|---|---|
| 001 | ebr10209959 | ||
| 003 | CaPaEBR | ||
| 006 | m u | ||
| 007 | cr cn||||||||| | ||
| 008 | 041115s2005 ilua sb 101 0 eng | ||
| 010 | _z 2004063696 | ||
| 020 | _z0226378969 (cloth : alk. paper) | ||
| 040 |
_aCaPaEBR _cCaPaEBR |
||
| 035 | _a(OCoLC)236345132 | ||
| 043 | _aae----- | ||
| 050 | 1 | 4 |
_aHF3820.5.A46 _bN34 2003eb |
| 082 | 0 | 4 |
_a382/.095 _222 |
| 111 | 2 |
_aNBER-East Asia Seminar on Economics _n(14th : _d2003 : _cTaipei, Taiwan) |
|
| 245 | 1 | 0 |
_aInternational trade in East Asia _h[electronic resource] / _cedited by Takatoshi Ito and Andrew K. Rose. |
| 260 |
_aChicago : _bUniversity of Chicago Press, _cc2005. |
||
| 300 |
_aix, 419 p. : _bill. |
||
| 490 | 1 |
_aNBER-East Asia seminar on economics ; _vv. 14 |
|
| 500 | _a"This volume contains edited versions of papers at the NBER's East Asia Seminar on Economics 14th annual conference, held in Taipei, Taiwan, on September 5-7, 2003"--Ackn. | ||
| 504 | _aIncludes bibliographical references and index. | ||
| 533 |
_aElectronic reproduction. _bPalo Alto, Calif. : _cebrary, _d2013. _nAvailable via World Wide Web. _nAccess may be limited to ebrary affiliated libraries. |
||
| 650 | 0 |
_aTechnological innovations _xEconomic aspects _zEast Asia _vCongresses. |
|
| 650 | 0 |
_aTechnology transfer _xEconomic aspects _zEast Asia. |
|
| 650 | 0 |
_aInvestments, Foreign _zEast Asia _vCongresses. |
|
| 650 | 0 |
_aTrade blocs _zEast Asia _vCongresses. |
|
| 650 | 0 |
_aProtectionism _zEast Asia _vCongresses. |
|
| 650 | 0 |
_aInternational trade _vCongresses. |
|
| 651 | 0 |
_aEast Asia _xCommerce _vCongresses. |
|
| 651 | 0 |
_aEast Asia _xCommercial policy _vCongresses. |
|
| 655 | 7 |
_aElectronic books. _2local |
|
| 700 | 1 |
_aIt�o, Takatoshi, _d1950- |
|
| 700 | 1 |
_aRose, Andrew, _d1959- |
|
| 710 | 2 | _aebrary, Inc. | |
| 830 | 0 |
_aNBER-East Asia Seminar on Economics (Series) ; _vv. 14. |
|
| 856 | 4 | 0 |
_uhttp://site.ebrary.com/lib/rucke/Doc?id=10209959 _zAn electronic book accessible through the World Wide Web; click to view |
| 999 |
_c124044 _d124044 |
||